[Event "4NCL/Div1/WGR1 vs. WGR2"]
[Site "West Bromwich ENG"]
[Date "2002.11.24"]
[Round "2.7"]
[White "Emms, John M"]
[Black "Tan, Desmond"]
[Result "1/2-1/2"]
[WhiteElo "2520"]
[BlackElo "2307"]
[PlyCount "151"]
[EventDate "2002.11.24"]

1. e4 e6 2. d4 d5 3. Nd2 dxe4 4. Nxe4 Be7 5. Nf3 Nd7 6. Bd3 Ngf6 7. Qe2 Nxe4 8.
Qxe4 c5 9. O-O cxd4 10. Qxd4 Bf6 11. Qg4 a6 12. Rd1 Qc7 13. Bf4 Qc6 14. c3 e5
15. Bg5 Nc5 16. Qh4 Nxd3 17. Rxd3 Bf5 18. Re3 O-O-O 19. Nxe5 Qd5 20. Bxf6 gxf6
21. Qxf6 Bg6 22. Qf3 Qb5 23. b4 f5 24. a4 Qd5 25. h4 Qxf3 26. Rxf3 Rhf8 27.
Nxg6 hxg6 28. Re1 Rf6 29. Re7 a5 30. Rg7 axb4 31. cxb4 Rd1+ 32. Kh2 Rd4 33. b5
Rxa4 34. g3 Rb4 35. Re3 Kb8 36. Re8+ Ka7 37. Reg8 f4 38. Rxg6 fxg3+ 39. fxg3
Rf2+ 40. Kh3 Rxb5 41. Rg5 Rbb2 42. Re8 Rh2+ 43. Kg4 Rb3 44. Rf8 Rc3 45. Rf3
Rc4+ 46. Rf4 Rc3 47. h5 Ka6 48. Rg6+ Ka5 49. h6 b5 50. Rf7 Rc5 51. Rf5 Rc1 52.
Rgg5 Rc4+ 53. Kf3 Rc3+ 54. Ke4 Rc4+ 55. Kd3 Rb2 56. Rd5 Rb3+ 57. Ke2 Rc2+ 58.
Rd2 Rxd2+ 59. Kxd2 Rb2+ 60. Ke3 Rh2 61. Rg6 b4 62. Kf4 b3 63. Kg5 Rh3 64. g4 b2
65. Rg8 Rb3 66. Ra8+ Kb4 67. Rb8+ Kc4 68. Rxb3 Kxb3 69. h7 b1=Q 70. h8=Q Qc1+
71. Kg6 Qc2+ 72. Kh6 Qh2+ 73. Kg7 Qe5+ 74. Kg8 Qb8+ 75. Kh7 Qh2+ 76. Kg7
1/2-1/2

[Event "4NCL/Div1/WGR1 vs. WGR2"]
[Site "West Bromwich ENG"]
[Date "2002.11.24"]
[Round "2.8"]
[White "Jackson, Sheila"]
[Black "Hunt, Harriet"]
[Result "0-1"]
[WhiteElo "2173"]
[BlackElo "2406"]
[PlyCount "104"]
[EventDate "2002.11.24"]

1. e4 c5 2. c3 d5 3. exd5 Qxd5 4. d4 g6 5. Be3 cxd4 6. Qxd4 Nf6 7. Qxd5 Nxd5 8.
Bd4 f6 9. Bb5+ Nc6 10. Nf3 e5 11. Be3 Nxe3 12. fxe3 Bc5 13. Ke2 O-O 14. Nbd2 a6
15. Bc4+ Kg7 16. Ne4 Be7 17. Rad1 Na5 18. Bd5 Bd7 19. c4 Rfd8 20. h3 Rac8 21.
Rc1 b5 22. b3 Ba3 23. Rc3 Rc7 24. Kf2 Rdc8 25. Ned2 Nb7 26. Rb1 Bb4 27. Rc2 Bf5
28. e4 Bd7 29. Ke2 Nd8 30. Nf1 h5 31. Ne3 Bc5 32. Nd2 b4 33. Nf3 a5 34. Rd2 Ra7
35. Ne1 f5 36. Nd3 Bd4 37. exf5 gxf5 38. Rf1 f4 39. Nc2 Bc3 40. Rdd1 Nc6 41.
Nc5 Nd4+ 42. Nxd4 Rxc5 43. Ne6+ Bxe6 44. Bxe6 Bd4 45. h4 a4 46. g3 fxg3 47. Rd3
Bf2 48. Bd5 axb3 49. axb3 Rca5 50. Kf3 Ra2 51. Be4 Rf7+ 52. Kg2 Bd4+ 0-1

[Event "4NCL/Div1/SLO1 vs. SWD1"]
[Site "West Bromwich ENG"]
[Date "2002.11.24"]
[Round "2.1"]
[White "Wells, Peter K"]
[Black "Jones, Richard S"]
[Result "1-0"]
[WhiteElo "2489"]
[BlackElo "2246"]
[PlyCount "65"]
[EventDate "2002.11.24"]

1. d4 d5 2. c4 c6 3. Nc3 Nf6 4. e3 a6 5. Qc2 g6 6. Bd3 Bg7 7. Nf3 O-O 8. O-O
Bg4 9. Ne5 Be6 10. b4 Nbd7 11. Nxd7 Nxd7 12. cxd5 cxd5 13. a4 Nb6 14. a5 Nc4
15. Bxc4 dxc4 16. Na4 Qc7 17. Bb2 Rad8 18. Rfd1 Rd5 19. Nb6 Rh5 20. f4 g5 21.
Qe2 Rh4 22. Qf2 c3 23. Rac1 Bb3 24. Rxc3 Qxc3 25. Bxc3 Bxd1 26. Qe1 Bc2 27. d5
f6 28. g3 Rh6 29. Qe2 Bb1 30. Qc4 Kh8 31. Qc7 gxf4 32. exf4 Rg6 33. Qxe7 1-0

[Event "4NCL/Div1/SLO1 vs. SWD1"]
[Site "West Bromwich ENG"]
[Date "2002.11.24"]
[Round "2.2"]
[White "Cooper, John G"]
[Black "Houska, Jovanka"]
[Result "0-1"]
[WhiteElo "2318"]
[BlackElo "2397"]
[PlyCount "68"]
[EventDate "2002.11.24"]

1. Nf3 d5 2. d4 c6 3. c4 Nf6 4. Nc3 a6 5. a4 e6 6. Bg5 Nbd7 7. e3 Bb4 8. cxd5
exd5 9. Bd3 h6 10. Bh4 Nf8 11. Qc2 Be6 12. O-O N8d7 13. Ne5 Nxe5 14. dxe5 g5
15. Bg3 Nh5 16. f4 Nxg3 17. hxg3 Bg4 18. Bf5 Bxf5 19. Qxf5 Bc5 20. Rae1 Qe7 21.
Nd1 h5 22. Nf2 g4 23. Nd3 Bb6 24. b4 a5 25. bxa5 Bxa5 26. Re2 b6 27. Rc1 c5 28.
e4 c4 29. Nf2 Qe6 30. Qxe6+ fxe6 31. exd5 exd5 32. Nd1 Bb4 33. Ne3 Bc5 34. Rd1
d4 0-1

[Event "4NCL/Div1/SLO1 vs. SWD1"]
[Site "West Bromwich ENG"]
[Date "2002.11.24"]
[Round "2.3"]
[White "McNab, Colin A"]
[Black "Cobb, James E"]
[Result "1-0"]
[WhiteElo "2406"]
[BlackElo "2318"]
[PlyCount "61"]
[EventDate "2002.11.24"]

1. c4 e5 2. Nc3 Nf6 3. Nf3 d6 4. g3 g6 5. Bg2 Bg7 6. d4 Nbd7 7. O-O O-O 8. Qc2
c6 9. Rd1 Qe7 10. d5 c5 11. a3 Ne8 12. e4 h6 13. b4 f5 14. Rb1 f4 15. Ne1 Nef6
16. Nd3 b6 17. Nb5 Nh5 18. Bd2 Ndf6 19. bxc5 bxc5 20. gxf4 exf4 21. Bxf4 Nxe4
22. Re1 Nxf4 23. Rxe4 Nh3+ 24. Kh1 Qd8 25. Re3 Qh4 26. Nxd6 Bg4 27. Rb7 Bd4 28.
Bxh3 Bxe3 29. Ne5 Bf5 30. Bxf5 gxf5 31. Nxf5 1-0

[Event "4NCL/Div1/SLO1 vs. SWD1"]
[Site "West Bromwich ENG"]
[Date "2002.11.24"]
[Round "2.4"]
[White "Morris, Charles F"]
[Black "Wohl, Aleksandar H"]
[Result "0-1"]
[WhiteElo "2220"]
[BlackElo "2422"]
[PlyCount "118"]
[EventDate "2002.11.24"]

1. c4 b6 2. Nc3 Bb7 3. e4 e6 4. Nf3 Bb4 5. Bd3 Ne7 6. O-O O-O 7. e5 Ng6 8. Be4
Nc6 9. d4 d6 10. Ng5 dxe5 11. Qh5 h6 12. Nxf7 Rxf7 13. Bxg6 Rf8 14. Ne4 exd4
15. Bxh6 gxh6 16. Qxh6 Qe7 17. Ng5 Qg7 18. Bh7+ Kh8 19. Qh5 Rf6 20. Bf5+ Kg8
21. Bxe6+ Rxe6 22. Nxe6 Qf6 23. Nxc7 Rf8 24. Qg4+ Kh7 25. Nd5 Qg6 26. Qxg6+
Kxg6 27. Nxb4 Nxb4 28. Rad1 Rd8 29. a3 Nc6 30. Rfe1 Kf5 31. f3 Na5 32. Re7 Bc6
33. Rc7 Ba4 34. Re1 d3 35. g4+ Kf6 36. Rce7 Rd6 37. c5 bxc5 38. Rxa7 d2 39. Kf2
dxe1=Q+ 40. Kxe1 Nc4 41. Rxa4 Nxb2 42. Ra5 Rc6 43. Rb5 Nc4 44. a4 Ke5 45. a5
Kd4 46. f4 Rh6 47. Kf2 Rxh2+ 48. Kg3 Ra2 49. f5 Nd6 50. Rb1 Ne4+ 51. Kh3 c4 52.
Rd1+ Ke5 53. Rc1 c3 54. Re1 Kf4 55. Rf1+ Rf2 56. Rh1 c2 57. a6 c1=Q 58. Rxc1
Ng5+ 59. Kh4 Rh2# 0-1

[Event "4NCL/Div1/SLO1 vs. SWD1"]
[Site "West Bromwich ENG"]
[Date "2002.11.24"]
[Round "2.5"]
[White "Devereaux, Maxim"]
[Black "Richmond, Peter A"]
[Result "1-0"]
[WhiteElo "2305"]
[BlackElo "2254"]
[PlyCount "113"]
[EventDate "2002.11.24"]

1. d4 d5 2. c4 c6 3. Nf3 e6 4. Nc3 dxc4 5. Bg5 Be7 6. Bxe7 Qxe7 7. e4 b5 8. a4
Qb4 9. Qc2 Nf6 10. Be2 Nbd7 11. O-O a6 12. Rfb1 Rb8 13. b3 cxb3 14. Rxb3 Qe7
15. e5 Nd5 16. Ne4 O-O 17. Neg5 g6 18. Qxc6 Bb7 19. Qc1 bxa4 20. Rxa4 f5 21.
Nh3 Rfc8 22. Qd2 Bc6 23. Raa3 Bb5 24. g3 N7b6 25. Bxb5 axb5 26. Ra1 b4 27. Ne1
Rc3 28. Rab1 Rbc8 29. Nd3 Nc4 30. Qa2 Na3 31. Nxb4 Nxb1 32. Nxd5 Rc1+ 33. Kg2
exd5 34. Rxb1 Rxb1 35. Qxb1 Qa7 {(=)} 36. Ng5 h6 37. Ne6 Re8 38. Nc5 Rb8 39.
Qc1 Kh7 40. e6 Re8 41. Qf4 Qe7 42. Qe5 Rd8 43. h4 h5 44. Nd3 Qg7 45. Qe3 Qe7
46. Nf4 g5 47. hxg5 Qxg5 48. Qe5 h4 49. e7 Re8 50. Nxd5 Kg6 51. Qe6+ Kg7 52.
Ne3 hxg3 53. Nxf5+ Kh8 54. fxg3 Qd2+ 55. Kh3 Qg5 56. Qf7 Rxe7 57. Qf8+ 1-0

[Event "4NCL/Div1/SLO1 vs. SWD1"]
[Site "West Bromwich ENG"]
[Date "2002.11.24"]
[Round "2.6"]
[White "Zeidler, Sven P"]
[Black "Houska, Miroslav"]
[Result "1-0"]
[WhiteElo "2275"]
[BlackElo "2298"]
[PlyCount "59"]
[EventDate "2002.11.24"]

1. e4 g6 2. d4 Bg7 3. Nc3 d6 4. Bc4 Nf6 5. Qe2 O-O 6. e5 Ne8 7. Bg5 Qd7 8.
O-O-O c6 9. Nf3 b5 10. Bd3 Nc7 11. exd6 exd6 12. Qe7 Re8 13. Qxd7 Bxd7 14. Ne4
Re6 15. Bf4 Nd5 16. Bg3 Nb4 17. Nfg5 d5 18. Nc5 Bxd4 19. Ngxe6 Bxe6 20. Rhe1
Bf6 21. Nxe6 fxe6 22. Rxe6 Kf7 23. Rde1 Nd7 24. Bd6 a5 25. a3 Nxd3+ 26. cxd3
Rc8 27. Re7+ Bxe7 28. Rxe7+ Kf6 29. Rxd7 Ke6 30. Rc7 1-0

[Event "4NCL/Div1/SLO1 vs. SWD1"]
[Site "West Bromwich ENG"]
[Date "2002.11.24"]
[Round "2.7"]
[White "Johnson, Nigel A"]
[Black "Blackburn, Jonathan"]
[Result "0-1"]
[WhiteElo "1672"]
[BlackElo "2158"]
[PlyCount "86"]
[EventDate "2002.11.24"]

1. e4 e6 2. d4 d5 3. exd5 exd5 4. Bf4 Bd6 5. Bxd6 Qxd6 6. Bd3 Qb4+ 7. Nc3 c6 8.
Qe2+ Ne7 9. O-O-O Qxd4 10. Nf3 Qf6 11. Rhe1 Be6 12. Ne5 Ng6 13. Ng4 Qg5+ 14.
Rd2 O-O 15. h3 Nf4 16. Qf3 Nd7 17. Bf1 Bxg4 18. Qxg4 Qxg4 19. hxg4 Rfe8 20.
Rdd1 Nf6 21. f3 Kf8 22. Kd2 h6 23. a3 Red8 24. Ne2 Ne6 25. Ng3 g6 26. c3 a6 27.
Kc2 c5 28. Rd2 b5 29. Red1 Rac8 30. a4 Rb8 31. axb5 axb5 32. Be2 Rdc8 33. Bf1
Rc7 34. Ne2 b4 35. Nc1 c4 36. cxb4 Rxb4 37. Ne2 Rcb7 38. Rb1 Nc5 39. Nd4 Na4
40. b3 Nc5 41. Rdd1 cxb3+ 42. Kb2 Na4+ 43. Ka3 Nc3 0-1

[Event "4NCL/Div1/SLO1 vs. SWD1"]
[Site "West Bromwich ENG"]
[Date "2002.11.24"]
[Round "2.8"]
[White "Cast, Abigail"]
[Black "Varnam, Liam D"]
[Result "1/2-1/2"]
[WhiteElo "2114"]
[BlackElo "2066"]
[PlyCount "66"]
[EventDate "2002.11.24"]

1. d4 Nf6 2. Nf3 g6 3. Bg5 Bg7 4. Nbd2 d6 5. e4 O-O 6. Bd3 c6 7. c3 Qc7 8. O-O
Nbd7 9. Re1 e5 10. dxe5 dxe5 11. Qc2 Nc5 12. Bf1 Ne6 13. Nc4 Nxg5 14. Nxg5 b5
15. Nd2 h6 16. Ngf3 Be6 17. a4 a6 18. c4 b4 19. c5 a5 20. Nc4 Nd7 21. Nd6 Rfd8
22. Red1 Bf8 23. Rac1 Nxc5 24. Qxc5 Rxd6 25. Rxd6 Bxd6 26. Qxc6 Rc8 27. Qxc7
Rxc7 28. Rxc7 Bxc7 29. Nd2 Kf8 30. Bd3 Ke7 31. Kf1 Kd6 32. Ke2 Kc5 33. Bc2 Bg4+
1/2-1/2

[Event "4NCL/Div1/BRI1 vs. AD1"]
[Site "West Bromwich ENG"]
[Date "2002.11.24"]
[Round "2.1"]
[White "Ansell, Simon"]
[Black "Cooper, Lawrence"]
[Result "1/2-1/2"]
[WhiteElo "2398"]
[BlackElo "2348"]
[PlyCount "89"]
[EventDate "2002.11.24"]

1. e4 e5 2. Nf3 Nc6 3. Bb5 a6 4. Ba4 Nf6 5. O-O Be7 6. Re1 b5 7. Bb3 O-O 8. a4
Bb7 9. d3 d6 10. Nbd2 Na5 11. Ba2 c5 12. Nf1 b4 13. Ne3 Rb8 14. Nc4 Nxc4 15.
Bxc4 a5 16. Nd2 Nd7 17. Nf1 Nb6 18. Bb3 Bg5 {(=)} 19. Ne3 Kh8 20. c3 bxc3 21.
bxc3 Bc6 22. Bc2 Qd7 23. d4 cxd4 24. cxd4 exd4 25. Nf5 Bxc1 26. Qxd4 f6 27.
Rexc1 d5 28. exd5 Qxd5 29. Qg4 g6 30. Ne3 Qd7 31. Qh4 f5 32. Qf4 Qg7 33. Rab1
Nd7 34. Rxb8 Nxb8 35. Rb1 Nd7 36. Qc7 Qc3 37. Rd1 Nf6 38. Rd8 Qe1+ 39. Nf1 Rxd8
40. Qxd8+ Kg7 41. Qc7+ Bd7 42. Bd3 Kf7 43. Bb5 Ke7 44. Qc5+ Kf7 45. Qc7 1/2-1/2

[Event "4NCL/Div1/BRI1 vs. AD1"]
[Site "West Bromwich ENG"]
[Date "2002.11.24"]
[Round "2.2"]
[White "Richardson, John R"]
[Black "Beaumont, Chris"]
[Result "0-1"]
[WhiteElo "2312"]
[BlackElo "2318"]
[PlyCount "88"]
[EventDate "2002.11.24"]

1. d4 g6 2. e4 Bg7 3. Nc3 d6 4. Be3 c6 5. Qd2 b5 6. Nf3 Nd7 7. a3 Qc7 8. Be2
Bb7 9. O-O Ngf6 10. Bh6 O-O 11. Bxg7 Kxg7 12. Qg5 h6 13. Qg3 Nh5 14. Qh4 e5 15.
dxe5 dxe5 16. Ne1 Nf4 17. Bd1 a5 18. g3 g5 19. Qg4 f5 20. Qf3 g4 21. Qe3 Nh3+
22. Kh1 b4 23. Ne2 c5 24. Ng1 Ng5 25. Ng2 Qc6 26. Nh4 Qxe4+ 27. Qxe4 Bxe4+ 28.
f3 Bc6 29. Ng2 h5 30. h4 Ne6 31. c3 bxc3 32. bxc3 Rab8 33. Bc2 Rb2 34. Rac1 Nb6
35. Ne3 f4 36. Nd1 Rxc2 37. Rxc2 fxg3 38. Kg2 e4 39. f4 Nxf4+ 40. Rxf4 Rxf4 41.
Ne3 Nd5 42. Nxd5 Bxd5 43. Rd2 Bc4 44. Kxg3 e3 0-1

[Event "4NCL/Div1/BRI1 vs. AD1"]
[Site "West Bromwich ENG"]
[Date "2002.11.24"]
[Round "2.3"]
[White "Sherwin, James T"]
[Black "Broom, Mark"]
[Result "1-0"]
[WhiteElo "2337"]
[BlackElo "2240"]
[PlyCount "105"]
[EventDate "2002.11.24"]

1. d4 d5 2. c4 c6 3. Nf3 Nf6 4. Nc3 dxc4 5. a4 Bf5 6. e3 e6 7. Bxc4 Bb4 8. O-O
Nbd7 9. Qe2 Bg6 10. e4 Bxc3 11. bxc3 Nxe4 12. Ba3 Qc7 13. Rfc1 Nd6 14. Bxe6 O-O
15. Bxd7 Qxd7 16. Ne5 Qe6 17. Re1 Rfe8 18. Bxd6 Qxd6 19. Qb2 Re7 20. Re3 Rae8
21. Rae1 Bf5 22. h3 Be6 23. Nd3 b6 24. Qe2 c5 25. dxc5 bxc5 26. Qh5 c4 27. Nc5
Bd7 28. Ne4 Qa3 29. Qh4 Bf5 30. Nd6 Be6 31. Nxe8 Rxe8 32. Qxc4 h6 33. Qb4 Qa2
34. c4 Rd8 35. R1e2 Qxc4 36. Qxc4 Bxc4 37. Re8+ Rxe8 38. Rxe8+ Kh7 39. Re7 a6
40. f4 Kg6 41. g4 h5 42. Kf2 hxg4 43. hxg4 Kf6 44. Rc7 Bd5 45. Ke3 g5 46. fxg5+
Ke5 47. Ra7 Bc4 48. a5 Ke6 49. Kf4 Bd3 50. Rb7 Bc4 51. Rb6+ Kd5 52. Kf5 Kc5 53.
Kf6 1-0

[Event "4NCL/Div1/BRI1 vs. AD1"]
[Site "West Bromwich ENG"]
[Date "2002.11.24"]
[Round "2.4"]
[White "Snape, Ian"]
[Black "Cobb, Charles"]
[Result "0-1"]
[WhiteElo "2225"]
[BlackElo "2313"]
[PlyCount "100"]
[EventDate "2002.11.24"]

1. c4 c6 2. e4 d5 3. exd5 Nf6 4. Nc3 cxd5 5. cxd5 Nxd5 6. Nf3 e6 7. Bc4 Be7 8.
O-O O-O 9. d4 b6 10. Nxd5 exd5 11. Bd3 Bg4 12. Qc2 Bxf3 13. gxf3 Bd6 14. Kh1
Qh4 15. f4 Nd7 16. Qc6 Bxf4 17. Bxf4 Qxf4 18. Qxd5 Nf6 19. Qf5 Qxd4 20. Rac1
Rad8 21. Rc3 g6 22. Qf3 Ng4 23. Bb1 Ne5 24. Qe4 Qxe4+ 25. Bxe4 Rd2 26. Rc7 Rxb2
27. Rxa7 Rd8 28. Ra3 Rdd2 29. Rb3 Rxa2 30. Rxb6 Rxf2 31. Rxf2 Rxf2 32. h3 Re2
33. Bd5 Rd2 34. Bg2 Kg7 35. Rb5 Kf6 36. Rd5 Rxd5 37. Bxd5 Kg5 38. Kg2 Kf4 39.
Kf2 h5 40. Ke2 h4 41. Kf2 f5 42. Kg2 Ke3 43. Kf1 f4 44. Bb7 f3 45. Ba6 Nd3 46.
Bb5 Nf4 47. Bc6 Ne2 48. Bb5 Ng3+ 49. Kg1 f2+ 50. Kh2 f1=Q 0-1

[Event "4NCL/Div1/BRI1 vs. AD1"]
[Site "West Bromwich ENG"]
[Date "2002.11.24"]
[Round "2.5"]
[White "Burgess, Graham"]
[Black "Cafferty, Bernard"]
[Result "1/2-1/2"]
[WhiteElo "2309"]
[BlackElo "2201"]
[PlyCount "29"]
[EventDate "2002.11.24"]

1. d4 e6 2. Nf3 Nf6 3. Bg5 d5 4. e3 Be7 5. Nbd2 O-O 6. Bd3 Nbd7 7. c3 c5 8. Ne5
Nxe5 9. dxe5 Nd7 10. Bf4 f5 11. h4 Rf7 12. Nf3 Nf8 13. Bg5 Qc7 14. Qe2 Bd7 15.
O-O-O 1/2-1/2

[Event "4NCL/Div1/BRI1 vs. AD1"]
[Site "West Bromwich ENG"]
[Date "2002.11.24"]
[Round "2.6"]
[White "Bellin, Jana"]
[Black "Collier, David O"]
[Result "1/2-1/2"]
[WhiteElo "2203"]
[BlackElo "2274"]
[PlyCount "37"]
[EventDate "2002.11.24"]

1. d4 Nf6 2. Nf3 e6 3. Bg5 Be7 4. e3 Ne4 5. Bxe7 Qxe7 6. Bd3 f5 7. Nbd2 Nxd2 8.
Nxd2 O-O 9. O-O d6 10. e4 f4 11. e5 d5 12. Qh5 g6 13. Qg4 Nc6 14. c3 Bd7 15. g3
Rf7 16. Nf3 Raf8 17. Ng5 Rg7 18. gxf4 h6 19. Nh3 1/2-1/2

[Event "4NCL/Div1/BRI1 vs. AD1"]
[Site "West Bromwich ENG"]
[Date "2002.11.24"]
[Round "2.7"]
[White "Buckley, David E"]
[Black "Anderton, David W"]
[Result "1/2-1/2"]
[WhiteElo "2190"]
[BlackElo "2257"]
[PlyCount "44"]
[EventDate "2002.11.24"]

1. e4 e6 2. d4 d5 3. Nd2 Be7 4. Ngf3 Nf6 5. e5 Nfd7 6. Bd3 c5 7. c3 Nc6 8. O-O
Qb6 9. dxc5 Nxc5 10. Bc2 Qc7 11. Qe2 a5 12. Nb3 b6 13. Nbd4 Ba6 14. Nb5 Bxb5
15. Qxb5 O-O 16. Bf4 a4 17. Rfe1 Rfd8 18. Nd4 Na7 19. Qe2 a3 20. b3 Nd7 21.
Rec1 g6 22. c4 dxc4 1/2-1/2

[Event "4NCL/Div1/BRI1 vs. AD1"]
[Site "West Bromwich ENG"]
[Date "2002.11.24"]
[Round "2.8"]
[White "Mangwengwende, John"]
[Black "Nicol, Ruth"]
[Result "1-0"]
[WhiteElo "2163"]
[BlackElo "1700"]
[PlyCount "61"]
[EventDate "2002.11.24"]

1. e4 e6 2. d4 d5 3. Nd2 dxe4 4. Nxe4 Bd7 5. Nf3 Bc6 6. Bd3 Nd7 7. O-O Ngf6 8.
Re1 Be7 9. Qe2 O-O 10. Bd2 Re8 11. Rad1 b6 12. c4 Nxe4 13. Bxe4 Bxe4 14. Qxe4
Nf6 15. Qh4 Qd6 16. Qh3 Rad8 17. Bc3 Qc6 18. Ne5 Qb7 19. Rd3 c5 20. dxc5 Bxc5
21. Rg3 Bd4 22. Qh4 Ne4 23. Rxe4 Bxc3 24. Nd3 Ba5 25. Qh6 g6 26. Rh4 Rd7 27.
Qxh7+ Kf8 28. Rf3 g5 29. Qh6+ Ke7 30. Qxg5+ Kd6 31. Rd4+ 1-0

[Event "4NCL/Div1/GUI1 vs. BAR1"]
[Site "West Bromwich ENG"]
[Date "2002.11.24"]
[Round "2.1"]
[White "Gormally, Daniel W"]
[Black "Palliser, Richard"]
[Result "0-1"]
[WhiteElo "2502"]
[BlackElo "2455"]
[PlyCount "80"]
[EventDate "2002.11.24"]

1. e4 c5 2. Nf3 d6 3. d4 cxd4 4. Nxd4 Nf6 5. Nc3 a6 6. f4 e5 7. Nf3 Nbd7 8. Bc4
b5 9. Bd5 Rb8 10. fxe5 dxe5 11. Ng5 Nxd5 12. Qxd5 Qe7 13. Be3 b4 14. Ne2 Bb7
15. Qd3 f6 16. Nf3 Qe6 17. Ng3 Nc5 18. Bxc5 Bxc5 19. O-O-O O-O 20. Kb1 a5 21.
Nd2 Rfd8 22. Qf3 a4 23. Nf5 g6 24. Ne3 f5 25. Qh3 Rxd2 26. Rxd2 Bxe4 27. Rhd1
Bd4 28. Rxd4 exd4 29. Rxd4 b3 30. axb3 axb3 31. Kc1 bxc2 32. Nc4 Ra8 33. Kd2
Qf6 34. Rd7 Ra1 35. Qxh7+ Kf8 36. Rf7+ Qxf7 37. Qh8+ Ke7 38. Qe5+ Qe6 39. Qg7+
Ke8 40. Qh8+ Kd7 0-1

[Event "4NCL/Div1/GUI1 vs. BAR1"]
[Site "West Bromwich ENG"]
[Date "2002.11.24"]
[Round "2.2"]
[White "Kelly, Brian"]
[Black "Hebden, Mark L"]
[Result "1/2-1/2"]
[WhiteElo "2451"]
[BlackElo "2515"]
[PlyCount "76"]
[EventDate "2002.11.24"]

1. c4 g6 2. Nc3 Bg7 3. g3 Nf6 4. Bg2 O-O 5. d3 d6 6. Rb1 a5 7. a3 c6 8. e4 e5
9. Nge2 Be6 10. O-O Na6 11. b3 Qd7 12. Re1 Bh3 13. Bh1 Ng4 14. Bg2 Bxg2 15.
Kxg2 f5 16. f3 Nf6 17. Bg5 Nh5 18. Qd2 Nc5 19. Rf1 Rf7 20. exf5 gxf5 21. d4
exd4 22. Nxd4 f4 23. Bh4 fxg3 24. hxg3 Re8 25. Rbd1 Bxd4 26. Qxd4 Qf5 27. b4
axb4 28. axb4 Nb3 29. Qg4+ Ng7 30. Qxf5 Nxf5 31. Bg5 Nbd4 32. Ne4 Nc2 33. Nxd6
Nxd6 34. Rxd6 Ne1+ 35. Kh3 Nxf3 36. Bf4 Ng5+ 37. Kh4 Ne4 38. Rd4 c5 1/2-1/2

[Event "4NCL/Div1/GUI1 vs. BAR1"]
[Site "West Bromwich ENG"]
[Date "2002.11.24"]
[Round "2.3"]
[White "Kosten, Anthony C"]
[Black "Collins, Sam"]
[Result "0-1"]
[WhiteElo "2551"]
[BlackElo "2372"]
[PlyCount "92"]
[EventDate "2002.11.24"]

1. c4 e5 2. g3 Nf6 3. Bg2 c6 4. d4 exd4 5. Qxd4 Na6 6. Nf3 Bc5 7. Qe5+ Qe7 8.
Qxe7+ Bxe7 9. O-O d5 10. cxd5 Nxd5 11. e4 Ndb4 12. Ne1 Nc5 13. Bd2 a5 14. Bc3
Be6 15. b3 O-O 16. Nd2 Rfd8 17. Nef3 Bg4 18. a3 Bxf3 19. Bxf3 Nc2 20. Ra2 Nd4
21. Bd1 Nb5 22. Ba1 Nxa3 23. Rxa3 Rxd2 24. b4 Nd3 25. Rxa5 Rxa5 26. bxa5 Bc5
27. Bb3 Nxf2 28. Kg2 h5 29. g4 Nxg4+ 30. Kg3 Rd3+ 31. Rf3 Rxf3+ 32. Kxf3 Nxh2+
33. Kg2 Ng4 34. Bc3 Kf8 35. e5 Ke7 36. Kf3 g6 37. Kf4 Ne3 38. Bd2 Nd5+ 39. Kf3
Bd4 40. Ke4 Bc3 41. Bg5+ Ke6 42. Bc4 Bxe5 43. a6 bxa6 44. Bxa6 f5+ 45. Kf3 Bf6
46. Bc1 c5 0-1

[Event "4NCL/Div1/GUI1 vs. BAR1"]
[Site "West Bromwich ENG"]
[Date "2002.11.24"]
[Round "2.4"]
[White "Knott, Simon"]
[Black "Cherniaev, Alexander"]
[Result "1/2-1/2"]
[WhiteElo "2401"]
[BlackElo "2506"]
[PlyCount "97"]
[EventDate "2002.11.24"]

1. Nf3 Nf6 2. c4 g6 3. Nc3 Bg7 4. e4 d6 5. d4 O-O 6. Be2 e5 7. O-O Na6 8. Qc2
exd4 9. Nxd4 Ng4 10. Bxg4 Bxg4 11. Be3 Be6 12. b3 Nb4 13. Qd2 Nc6 14. Nxc6 bxc6
15. Bd4 f6 16. Na4 c5 17. Bb2 Qd7 18. Rad1 Qf7 19. f4 Bg4 20. Rde1 Bd7 21. Nc3
Bc6 22. e5 f5 23. e6 Qf6 24. Nd1 Qe7 25. Bxg7 Qxg7 26. Nc3 Rfe8 27. Nd5 Bb7 28.
e7 Rac8 29. Re6 Bxd5 30. Qxd5 Qd4+ 31. Qxd4 cxd4 32. Rfe1 a5 33. h3 Kf7 34. g4
Rb8 35. gxf5 gxf5 36. Rh6 a4 37. bxa4 Rb4 38. c5 dxc5 39. Re5 Rg8+ 40. Kf1 Rb1+
41. Ke2 c4 42. e8=Q+ Rxe8 43. Rxh7+ Kg6 44. Rxe8 Kxh7 45. Re7+ Kg6 46. Rxc7 Rb4
47. a5 Ra4 48. a6 Rxa2+ 49. Kd1 1/2-1/2

[Event "4NCL/Div1/GUI1 vs. BAR1"]
[Site "West Bromwich ENG"]
[Date "2002.11.24"]
[Round "2.5"]
[White "Plaskett, James"]
[Black "Rogers, Jonathan W"]
[Result "1-0"]
[WhiteElo "2467"]
[BlackElo "2346"]
[PlyCount "87"]
[EventDate "2002.11.24"]

1. d4 d5 2. Nf3 Nf6 3. Bf4 e6 4. e3 c5 5. c3 Qb6 6. Qc2 Nc6 7. Nbd2 Bd7 8. Rc1
Rc8 9. Be2 cxd4 10. exd4 Be7 11. O-O O-O 12. Rfe1 Na5 13. Ne5 Bb5 14. Bd1 Nc6
15. a4 Nxd4 16. Qb1 Ba6 17. Be3 Bc5 18. cxd4 Bxd4 19. Bxd4 Qxd4 20. Ndf3 Qf4
21. Bc2 b6 22. Rcd1 Bb7 23. Nd4 Ne4 24. f3 Qxe5 25. fxe4 dxe4 26. Bxe4 Bxe4 27.
Qxe4 Qxe4 28. Rxe4 Rfd8 29. Ree1 g6 30. Nb5 Rxd1 31. Rxd1 Rc2 32. Rd7 a6 33.
Nd6 Rxb2 34. Nxf7 Kg7 35. Ng5+ Kf6 36. Nxh7+ Kf5 37. Rf7+ Ke5 38. Nf8 b5 39.
Nxg6+ Kd4 40. axb5 axb5 41. h4 b4 42. h5 b3 43. Rb7 Kc3 44. h6 1-0

[Event "4NCL/Div1/GUI1 vs. BAR1"]
[Site "West Bromwich ENG"]
[Date "2002.11.24"]
[Round "2.6"]
[White "Collinson, Adam"]
[Black "Matros, Alexander"]
[Result "1/2-1/2"]
[WhiteElo "2390"]
[BlackElo "2452"]
[PlyCount "66"]
[EventDate "2002.11.24"]

1. e4 c5 2. c3 d5 3. exd5 Qxd5 4. d4 Nf6 5. Nf3 Bg4 6. Be2 e6 7. h3 Bh5 8. O-O
Nc6 9. Be3 cxd4 10. Nxd4 Bxe2 11. Qxe2 Be7 12. Rd1 O-O 13. c4 Nxd4 14. Bxd4 Qc6
15. Nd2 Rfd8 16. Nf3 Qe4 17. Kf1 Qxe2+ 18. Kxe2 Ne8 19. Rac1 f6 20. Be3 e5 21.
Ne1 Kf7 22. Nd3 g6 23. f3 {(=)} 23... Ng7 24. Nc5 b6 25. Ne4 Ne6 26. Rd5 Nc7
27. Rdd1 f5 28. Nc3 Ke6 29. a3 Rxd1 30. Rxd1 Rc8 31. Rc1 Rb8 32. Rc2 Kd7 33.
Rd2+ Ke6 1/2-1/2

[Event "4NCL/Div1/GUI1 vs. BAR1"]
[Site "West Bromwich ENG"]
[Date "2002.11.24"]
[Round "2.7"]
[White "Povah, Nigel E"]
[Black "Dishman, Stephen"]
[Result "1/2-1/2"]
[WhiteElo "2360"]
[BlackElo "2297"]
[PlyCount "40"]
[EventDate "2002.11.24"]

1. d4 d5 2. Bg5 h6 3. Bh4 c6 4. e3 Qb6 5. Qc1 e5 6. Nf3 exd4 7. exd4 Bf5 8. Be2
Be7 9. O-O Nf6 10. Re1 Nbd7 11. Nbd2 O-O 12. Bd3 Bxd3 13. Rxe7 Bf5 14. Re3 Rfe8
15. Rb3 Qa6 16. Bxf6 Nxf6 17. Ne5 Ng4 18. Nxg4 Bxg4 19. Rg3 Qe2 20. Nf1 Kh8
1/2-1/2

[Event "4NCL/Div1/GUI1 vs. BAR1"]
[Site "West Bromwich ENG"]
[Date "2002.11.24"]
[Round "2.8"]
[White "Lauterbach, Ingrid"]
[Black "Yurenok, Maria S"]
[Result "1/2-1/2"]
[WhiteElo "2142"]
[BlackElo "2103"]
[PlyCount "48"]
[EventDate "2002.11.24"]

1. e4 c5 2. f4 e6 3. Nf3 Nc6 4. d3 d5 5. Nbd2 Nf6 6. e5 Nd7 7. Be2 Be7 8. O-O
O-O 9. c3 f6 10. d4 cxd4 11. cxd4 Qb6 12. Nb3 fxe5 13. fxe5 Ndxe5 14. Nxe5 Nxe5
15. Rxf8+ Bxf8 16. Kh1 Nc6 17. Bg4 Bd7 18. Be3 Re8 19. Qe2 Nd8 20. Nc5 Bc8 21.
Rc1 Nf7 22. b3 Bd6 23. Nd3 Qd8 24. Nf4 Bd7 1/2-1/2

[Event "4NCL/Div1/BAR2 vs. RIC"]
[Site "West Bromwich ENG"]
[Date "2002.11.24"]
[Round "2.1"]
[White "D'Costa, Lorin AR"]
[Black "Quinn, Mark"]
[Result "1-0"]
[WhiteElo "2274"]
[BlackElo "2429"]
[PlyCount "67"]
[EventDate "2002.11.24"]

1. d4 Nf6 2. c4 e6 3. Nf3 Bb4+ 4. Bd2 c5 5. Bxb4 cxb4 6. a3 bxa3 7. Rxa3 O-O 8.
Nc3 d6 9. e3 Nc6 10. Be2 e5 11. h3 h6 12. O-O Bf5 13. Qb3 e4 14. Nd2 Qd7 15.
Rfa1 a6 16. Qa4 Rae8 17. b4 g5 18. b5 axb5 19. Qxb5 Kg7 20. Rb3 Nd8 21. Qxd7
Nxd7 22. Ra5 Bg6 23. Rd5 f5 24. Rxd6 Re7 25. Nd5 Ref7 26. c5 f4 27. Bg4 Nb8 28.
Rbb6 Nbc6 29. Nc3 h5 30. Be2 fxe3 31. fxe3 Rf2 32. Rd7+ Kh6 33. Nc4 Be8 34.
Rxd8 1-0